000 00440nam a2200157 i 4500
001 96766
003 ES-MaACL
005 20230906181955.0
007 t|
008 050630s1923 sp ||||1| fre d
100 1 _aMaluquer y Viladot, Juan.
_975886
245 1 0 _aPhisonomie du Droit Catalan et sa valeur sociale /
_cJuan Maluquer y Viladot.
260 _aBarcelona :
_bCasanovas,
_c1923.
300 _a55 p.
852 _aES-MaACL
_j1663-F-3
999 _c96766
_d96766